| 000 | 01730cam a2200421 a 4500 | ||
|---|---|---|---|
| 999 |
_c522720 _d522720 |
||
| 001 | 14170193 | ||
| 003 | NUST | ||
| 005 | 20190103061445.0 | ||
| 008 | 030204s2002 enkb b 000 0 eng | ||
| 010 | _a 2005472823 | ||
| 020 | _a9780143029076 | ||
| 035 | _a(OCoLC)ocm51572099 | ||
| 038 | _aArshad | ||
| 040 |
_aDLC _cDLC _dDLC |
||
| 043 | _aa-ii--- | ||
| 050 | 0 | 0 |
_aDS480.853 _b.R68 2002 |
| 082 | 0 | 0 |
_a954.052 _bROY |
| 100 | 1 |
_aRoy, Arundhati. _912936 |
|
| 240 | 1 | 0 |
_aEssays. _kSelections |
| 245 | 1 | 4 |
_aThe algebra of infinite justice / _cArundhati Roy ; with a foreword by John Berger. |
| 250 | _a[Rev. ed.]. | ||
| 260 |
_aLondon : _bFlamingo, _c2002. |
||
| 300 |
_axxiii, 335 p. : _bmaps ; _c20 cm. |
||
| 500 | _a"Original." | ||
| 500 | _aPreviously published: New Delhi : Viking, 2001. | ||
| 500 | _aCollection of essays, most of which originally appeared in Outlook and Frontline magazines. | ||
| 504 | _aIncludes bibliographical references (p. [301]-332). | ||
| 505 | 0 | _aThe end of imagination -- The greater common good -- Power politics -The ladies have feelings, so-- -- The algebra of infinite justice -- War is peace -- Democracy -- War talk -- Come September. | |
| 650 | 0 |
_aNuclear weapons _xMoral and ethical aspects _zIndia. _912937 |
|
| 650 | 0 |
_aWar on Terrorism, 2001-2009 _xMoral and ethical aspects. _912938 |
|
| 650 | 0 |
_aGlobalization. _97773 |
|
| 650 | 0 |
_aJustice. _912939 |
|
| 651 | 0 |
_aIndia _xPolitics and government _y1977- _9950 |
|
| 651 | 0 |
_aIndia _xEconomic conditions _y1947- _95179 |
|
| 906 |
_a7 _bcbc _corigres _d2 _encip _f20 _gy-gencatlg |
||
| 942 |
_2ddc _cBK |
||